000 00741nam a2200205Ii 4500
003 JO-AjNU
008 230605s9999||||xx |||||||||||||| ||und||
040 _aJO-AjNU
_bara
_erda
_cJO-AjNU
041 _aara
050 1 4 _aBF721.T37.1990
100 3 _aالحسن،هشام ، النمر،عصام ، العمد،عزة ، بدران،أمية,
_eauthor
_917280
245 0 0 _aتطور التفكير عند الاطفال
250 _aط1
264 3 1 _aعمان:دار الفكر للنشر والتوزيع ،1990
300 _a88ص
336 _atext
_btxt
_2rdacontent
337 _aunmediated
_bn
_2rdamedia
338 _avolume
_bnc
_2rdacarrier
650 4 _aالتفكير عند الاطفال-الاطفال-علم النفس
_917281
999 _aA5304
_c8872
_d8872